[Event "BL 8889 Sindelfingen-Koblenz"]
[Site "?"]
[Date "1988.??.??"]
[Round "?.8"]
[White "Werner, Marc"]
[Black "Bohn, T."]
[Result "1/2-1/2"]
[WhiteElo "2315"]
[BlackElo "2205"]
[PlyCount "101"]
[EventDate "1988.??.??"]

1. e4 e6 2. d4 d5 3. Nc3 Nf6 4. e5 Nfd7 5. f4 c5 6. Nf3 Nc6 7. Be3 Qb6 8. Na4
Qa5+ 9. c3 cxd4 10. b4 Qc7 11. Nxd4 Nxd4 12. Bxd4 Nb8 13. Bd3 Nc6 14. Bf2 b6
15. O-O Be7 16. Qg4 O-O 17. Rae1 Bd7 18. Nb2 f5 19. Qh3 Nd8 20. Nd1 a6 21. Bh4
Bb5 22. Bxe7 Qxe7 23. a3 Nf7 24. Rf2 Kh8 25. Qe3 Bxd3 26. Qxd3 b5 27. Ne3 Rac8
28. Nc2 g5 29. g3 Rg8 30. Kf1 gxf4 31. gxf4 Rc4 32. Nd4 Nd8 33. Re3 Nc6 34.
Nxc6 Rxc6 35. Rg3 Qh4 36. Rh3 Qg4 37. Rg3 Qh5 38. Rxg8+ Kxg8 39. Rg2+ Kf7 40.
Qg3 Qd1+ 41. Kf2 Qd2+ 42. Kf1 Qc1+ 43. Kf2 Qc2+ 44. Kf1 Qb1+ 45. Kf2 Qb2+ 46.
Kf1 Qb1+ 47. Kf2 Qc2+ 48. Kf1 Qc1+ 49. Kf2 Qd2+ 50. Kf1 Qd1+ 51. Kf2 1/2-1/2

[Event "BL 8889 Kirchheim-Heidelberg"]
[Site "?"]
[Date "1988.??.??"]
[Round "?.1"]
[White "Steinbacher, M."]
[Black "Adorjan, A."]
[Result "0-1"]
[WhiteElo "2340"]
[BlackElo "2520"]
[PlyCount "62"]
[EventDate "1988.??.??"]

1. Nf3 c5 2. g3 b6 3. Bg2 Bb7 4. O-O g6 5. d3 Bg7 6. e4 d6 7. Re1 Nf6 8. c4 O-O
9. Nc3 Nc6 10. Rb1 Nd7 11. h3 a6 12. a3 Rb8 13. Ne2 Ba8 14. Bg5 b5 15. cxb5
Rxb5 16. Qd2 Re8 17. Bh6 Qa5 18. Qxa5 Nxa5 19. Bxg7 Kxg7 20. b4 cxb4 21. Ned4
Rb6 22. Rxb4 Reb8 23. Reb1 e5 24. Nc2 Bc6 25. Rxb6 Rxb6 26. Rxb6 Nxb6 27. Nb4
Bb5 28. Bf1 Nb3 29. d4 Nxd4 30. Nxd4 exd4 31. Nxa6 d3 0-1

[Event "BL 8889 Kirchheim-Heidelberg"]
[Site "?"]
[Date "1988.??.??"]
[Round "?.2"]
[White "Gschnitzer, O."]
[Black "Ostl, A."]
[Result "1-0"]
[WhiteElo "2365"]
[BlackElo "2260"]
[PlyCount "53"]
[EventDate "1988.??.??"]

1. d4 Nf6 2. Nf3 e6 3. c4 d5 4. Nc3 Nbd7 5. Bg5 h6 6. Bh4 Be7 7. e3 O-O 8. Rc1
b6 9. cxd5 exd5 10. Bb5 Bb7 11. O-O a6 12. Ba4 c5 13. Bxd7 Qxd7 14. Na4 g5 15.
Bg3 Qb5 16. dxc5 bxc5 17. b4 c4 18. Nd4 Qe8 19. Nf5 Bxb4 20. Rb1 a5 21. a3 Bc6
22. Nb6 Bxa3 23. Nxa8 Qxa8 24. Qd4 Ne8 25. f4 Kh7 26. fxg5 hxg5 27. Rb8 1-0

[Event "BL 8889 Kirchheim-Heidelberg"]
[Site "?"]
[Date "1988.??.??"]
[Round "?.3"]
[White "Cicak, S."]
[Black "Mueller, O."]
[Result "0-1"]
[WhiteElo "2345"]
[BlackElo "2355"]
[PlyCount "88"]
[EventDate "1988.??.??"]

1. e4 c5 2. Nf3 e6 3. d4 cxd4 4. Nxd4 Nf6 5. Nc3 d6 6. Be3 a6 7. f3 b5 8. g4
Bb7 9. Qd2 Qc7 10. O-O-O Nc6 11. Nxc6 Bxc6 12. g5 Nd7 13. Ne2 Be7 14. h4 Ne5
15. Nd4 Rc8 16. Rg1 Bb7 17. h5 O-O 18. g6 Bf6 19. Bg5 Bxg5 20. gxh7+ Kxh7 21.
Rxg5 Qe7 22. f4 Nc4 23. Qd3 Kh8 24. Bg2 Rc5 25. Qg3 Rxg5 26. fxg5 Rc8 27. Rf1
Rc5 28. g6 f6 29. Qh3 f5 30. Qg3 Qf6 31. e5 Qxe5 32. Qxe5 dxe5 33. Nxe6 Bxg2
34. Rf2 Rd5 35. Rxg2 f4 36. b3 Ne3 37. Rd2 f3 38. Rxd5 Nxd5 39. Kd2 e4 40. c4
e3+ 41. Ke1 bxc4 42. bxc4 Nc3 43. Nf4 f2+ 44. Kf1 Ne4 0-1

[Event "BL 8889 Kirchheim-Heidelberg"]
[Site "?"]
[Date "1988.??.??"]
[Round "?.5"]
[White "Zuse, P."]
[Black "Duester, T."]
[Result "0-1"]
[WhiteElo "2295"]
[BlackElo "2315"]
[PlyCount "92"]
[EventDate "1988.??.??"]

1. e4 c5 2. Nf3 d6 3. d4 cxd4 4. Nxd4 Nf6 5. Nc3 a6 6. Bg5 e6 7. f4 Be7 8. Qf3
Qc7 9. O-O-O Nbd7 10. g4 b5 11. Bxf6 Nxf6 12. g5 Nd7 13. Qh3 g6 14. f5 Nc5 15.
f6 Bf8 16. Qe3 Bd7 17. Bg2 b4 18. Nd5 Qa5 19. Rhe1 Rc8 20. Kb1 exd5 21. exd5+
Kd8 22. Bh3 Kc7 23. Bxd7 Nxd7 24. c3 bxc3 25. Nc6 c2+ 26. Kxc2 Qc5+ 27. Kb1
Qxe3 28. Rxe3 h6 29. Rc1 Nc5 30. b4 hxg5 31. bxc5 dxc5 32. Ra3 Kd6 33. Rxa6
Kxd5 34. Rd1+ Kc4 35. Rb6 Rxc6 36. Rxc6 Rxh2 37. Rc7 Rh7 38. Rc8 Bh6 39. Rh1 g4
40. Rh4 Kd5 41. Re8 g3 42. Kc2 g2 43. Re1 Bd2 44. Re2 Rxh4 45. Rxd2+ Kc4 46.
Rxg2 Rf4 0-1

[Event "BL 8889 Kirchheim-Heidelberg"]
[Site "?"]
[Date "1988.??.??"]
[Round "?.6"]
[White "Vonthron, H."]
[Black "Neunhoeffer, H."]
[Result "1-0"]
[WhiteElo "2330"]
[BlackElo "2270"]
[PlyCount "91"]
[EventDate "1988.??.??"]

1. e4 e5 2. Nf3 Nc6 3. Bb5 Nf6 4. d3 d6 5. c3 g6 6. Nbd2 Bg7 7. O-O O-O 8. d4
Bd7 9. d5 Nb8 10. Bd3 c6 11. c4 a5 12. dxc6 Bxc6 13. Re1 Na6 14. Nb1 Nc5 15.
Nc3 Nh5 16. Be3 Nf4 17. Bxc5 dxc5 18. Nd5 Rb8 19. a4 Ne6 20. Qb3 b6 21. Qc2 Qd6
22. b3 Bd7 23. Rad1 Rbe8 24. h3 Nd4 25. Nxd4 cxd4 26. Qd2 f5 27. Rb1 Rc8 28. f3
Be6 29. b4 fxe4 30. fxe4 Bxd5 31. exd5 Qf6 32. bxa5 bxa5 33. Rf1 Qh4 34. Rxf8+
Rxf8 35. Qe1 Qf4 36. c5 Bh6 37. d6 Qf6 38. Qe4 Qe6 39. Re1 Re8 40. Bb5 Rf8 41.
Qxe5 Qxe5 42. Rxe5 Be3+ 43. Rxe3 dxe3 44. Bc4+ Kg7 45. c6 Kf6 46. c7 1-0

[Event "BL 8889 Kirchheim-Heidelberg"]
[Site "?"]
[Date "1988.??.??"]
[Round "?.7"]
[White "Grathwohl, R."]
[Black "Mudelsee, M."]
[Result "1-0"]
[WhiteElo "2310"]
[BlackElo "2385"]
[PlyCount "51"]
[EventDate "1988.??.??"]

1. Nf3 d5 2. e3 Nf6 3. b3 g6 4. Bb2 Bg7 5. Be2 O-O 6. O-O Bg4 7. d3 c5 8. c4 e6
9. Qc2 Nbd7 10. Nbd2 Qc7 11. Rac1 Rfe8 12. Qb1 e5 13. cxd5 Nxd5 14. a3 a5 15.
h3 Be6 16. Ng5 Rad8 17. Nxe6 Rxe6 18. Ba1 Bf8 19. Rfd1 Nb8 20. Ne4 Qb6 21. Qc2
Na6 22. Qc4 Be7 23. Nc3 Nxc3 24. Bxc3 Nb8 25. Bg4 f5 26. Bxa5 1-0

[Event "BL 8889 Koblenz-Kirchheim"]
[Site "?"]
[Date "1988.??.??"]
[Round "?.1"]
[White "Adorjan, A."]
[Black "Garcia Palermo, C."]
[Result "1/2-1/2"]
[WhiteElo "2520"]
[BlackElo "2455"]
[PlyCount "67"]
[EventDate "1988.??.??"]

1. c4 e5 2. Nc3 Nf6 3. Nf3 Nc6 4. g3 Bc5 5. Bg2 d6 6. O-O O-O 7. e3 a6 8. d4
Ba7 9. h3 Rb8 10. b3 exd4 11. Nxd4 Nxd4 12. exd4 b5 13. Be3 c6 14. Qd3 d5 15.
cxd5 Nxd5 16. Nxd5 cxd5 17. Bf4 Ra8 18. Rac1 Be6 19. Rc6 Qa5 20. a4 bxa4 21.
Rxa6 Bf5 22. Rxa5 Bxd3 23. Bxd5 Rad8 24. Rxa7 Rxd5 25. Rxa4 Bxf1 26. Kxf1 g5
27. Be3 Rb8 28. b4 Rdb5 29. Bd2 Rd8 30. Ke2 f5 31. Bxg5 Rxd4 32. Bd2 Re5+ 33.
Be3 f4 34. Ra8+ 1/2-1/2

[Event "BL 8889 Koblenz-Kirchheim"]
[Site "?"]
[Date "1988.??.??"]
[Round "?.2"]
[White "Braga, F."]
[Black "Gschnitzer, O."]
[Result "1-0"]
[WhiteElo "2430"]
[BlackElo "2365"]
[PlyCount "78"]
[EventDate "1988.??.??"]

1. d4 Nf6 2. Nf3 e6 3. Bf4 d5 4. e3 c5 5. c3 Nbd7 6. Nbd2 b6 7. Bd3 Bb7 8. Qb1
Be7 9. h3 Qc8 10. b4 O-O 11. O-O a5 12. b5 a4 13. Ne5 h6 14. Qd1 Ne4 15. Bxe4
dxe4 16. Ndc4 Nxe5 17. Bxe5 f6 18. Nxb6 Qd8 19. dxc5 fxe5 20. Nxa8 Qxa8 21. c6
Bxc6 22. bxc6 Qxc6 23. Qc2 Qc4 24. Rab1 Bc5 25. Rfd1 Rf7 26. Rb8+ Kh7 27. Rdd8
Kg6 28. Rbc8 a3 29. Rc6 Kh7 30. Kh2 h5 31. f3 h4 32. fxe4 Qf1 33. Rd1 Qb5 34.
Rxe6 Bxe3 35. Qd3 Qc5 36. Qe2 Bf4+ 37. Kh1 Qf8 38. Qh5+ Bh6 39. Kh2 Rf2 1-0

[Event "BL 8889 Koblenz-Kirchheim"]
[Site "?"]
[Date "1988.??.??"]
[Round "?.3"]
[White "Mueller, O."]
[Black "Doncevic, D."]
[Result "1-0"]
[WhiteElo "2355"]
[BlackElo "2370"]
[PlyCount "62"]
[EventDate "1988.??.??"]

1. e4 c5 2. Nf3 Nc6 3. d4 cxd4 4. Nxd4 Nf6 5. Nc3 d6 6. Bg5 e6 7. Qd2 a6 8.
O-O-O h6 9. Be3 Bd7 10. f4 b5 11. Bd3 Be7 12. h3 Nxd4 13. Bxd4 b4 14. Ne2 Qb8
15. g4 Bc6 16. Ng3 Qb7 17. Qe2 d5 18. e5 Ne4 19. Bxe4 dxe4 20. Rhe1 O-O 21. g5
hxg5 22. Qg4 Rac8 23. fxg5 g6 24. h4 Qc7 25. Qe2 Rfd8 26. Nxe4 Ba4 27. b3 Bb5
28. Qf2 Rd5 29. Rd2 Rcd8 30. Red1 Kg7 31. Kb1 Rh8 1-0

[Event "BL 8889 Koblenz-Kirchheim"]
[Site "?"]
[Date "1988.??.??"]
[Round "?.6"]
[White "Weidemann, J."]
[Black "Duester, T."]
[Result "1/2-1/2"]
[WhiteElo "2325"]
[BlackElo "2315"]
[PlyCount "63"]
[EventDate "1988.??.??"]

1. e4 c5 2. Nf3 d6 3. c3 Nf6 4. Bd3 g6 5. O-O Bg7 6. Bc2 O-O 7. d4 cxd4 8. cxd4
Nc6 9. d5 Nb4 10. Bb3 Bg4 11. Nc3 Nd7 12. h3 Bxf3 13. Qxf3 Rc8 14. Bg5 Nc5 15.
Bc4 Na4 16. Nxa4 Rxc4 17. Qb3 b5 18. Nc3 Qd7 19. a4 a6 20. axb5 axb5 21. Ra5
Rfc8 22. Rfa1 Bxc3 23. bxc3 Nd3 24. Ra7 R4c7 25. Be3 Qe8 26. Rxc7 Rxc7 27. Ra5
Ne5 28. Bd4 Nc4 29. Rxb5 e5 30. dxe6 fxe6 31. Rb8 Rc8 32. Qb7 1/2-1/2

[Event "BL 8889 Koblenz-Kirchheim"]
[Site "?"]
[Date "1988.??.??"]
[Round "?.7"]
[White "Vonthron, H."]
[Black "Schlick, V."]
[Result "1/2-1/2"]
[WhiteElo "2330"]
[BlackElo "2290"]
[PlyCount "78"]
[EventDate "1988.??.??"]

1. e4 c5 2. Nf3 Nc6 3. d4 cxd4 4. Nxd4 g6 5. c4 Bg7 6. Be3 Nf6 7. Nc3 Ng4 8.
Qxg4 Nxd4 9. Qd1 Ne6 10. Qd2 b6 11. Rc1 Bb7 12. Bd3 Qb8 13. O-O O-O 14. Bb1 Bc6
15. b4 b5 16. a4 a6 17. cxb5 axb5 18. a5 Qb7 19. Nd5 Rae8 20. Ba2 Kh8 21. Bh6
f5 22. Bxg7+ Nxg7 23. e5 f4 24. Nxf4 e6 25. f3 Nf5 26. Qf2 Qb8 27. Nxe6 dxe6
28. Rxc6 Qxe5 29. Rc5 Qf4 30. Rxb5 Rd8 31. g3 Qe3 32. Qxe3 Nxe3 33. Rc1 Rd2 34.
Bxe6 Nc2 35. Rb7 Nd4 36. Rc8 Nxf3+ 37. Kf1 Nxh2+ 38. Ke1 Nf3+ 39. Kf1 Nh2+
1/2-1/2

[Event "BL 8889 Heidelberg-Sindelfingen"]
[Site "?"]
[Date "1988.??.??"]
[Round "?.1"]
[White "Darga, K."]
[Black "Steinbacher, M."]
[Result "1/2-1/2"]
[WhiteElo "2470"]
[BlackElo "2340"]
[PlyCount "73"]
[EventDate "1988.??.??"]

1. c4 c5 2. Nf3 Nc6 3. Nc3 Nd4 4. e3 Nxf3+ 5. Qxf3 g6 6. b3 Bg7 7. Bb2 d6 8.
Qd1 Nf6 9. Be2 O-O 10. O-O Be6 11. Qc2 Rc8 12. Bf3 Qd7 13. Rfd1 Rfd8 14. d3 Bg4
15. Bxg4 Qxg4 16. Rac1 a6 17. Ne2 b5 18. Bxf6 Bxf6 19. Nc3 Bg7 20. cxb5 Bxc3
21. Qxc3 axb5 22. h3 Qf5 23. Rc2 Ra8 24. b4 Rdc8 25. bxc5 Rxc5 26. Qb3 Rxc2 27.
Qxc2 Qd5 28. Rd2 Ra3 29. Qc8+ Kg7 30. Qc2 e5 31. d4 e4 32. Qc7 b4 33. Rb2 h5
34. Qb6 Rxa2 35. Rxa2 Qxa2 36. Qxb4 Qd5 37. h4 1/2-1/2

[Event "BL 8889 Heidelberg-Sindelfingen"]
[Site "?"]
[Date "1988.??.??"]
[Round "?.2"]
[White "Ostl, A."]
[Black "Mohr, S."]
[Result "1-0"]
[WhiteElo "2260"]
[BlackElo "2470"]
[PlyCount "101"]
[EventDate "1988.??.??"]

1. d4 Nf6 2. Nf3 g6 3. Bf4 Bg7 4. e3 O-O 5. h3 c5 6. c3 Nc6 7. dxc5 b6 8. cxb6
Qxb6 9. Qb3 Qa5 10. Qa3 Qxa3 11. Nxa3 Nd5 12. Bb5 Nxf4 13. exf4 Rb8 14. O-O-O
Bh6 15. g3 Bb7 16. Rhe1 Rfd8 17. Bxc6 Bxc6 18. Ne5 Rbc8 19. Nxc6 Rxc6 20. Nc2
e6 21. Nd4 Rb6 22. Kc2 Bg7 23. a4 Rdb8 24. b4 Rc8 25. Kb3 a6 26. Re3 Kf8 27. a5
Rb7 28. c4 d5 29. cxd5 exd5 30. Red3 Kg8 31. Nc2 Rbc7 32. R1d2 Bc3 33. Re2 Bf6
34. Ne3 Rc3+ 35. Rxc3 Rxc3+ 36. Ka4 Rd3 37. b5 Rd4+ 38. Kb3 Rd3+ 39. Kc2 Rc3+
40. Kd1 Ra3 41. Nxd5 Ra1+ 42. Kc2 Kg7 43. Nxf6 Kxf6 44. b6 Rxa5 45. Re3 Rd5 46.
Rd3 Rc5+ 47. Rc3 Rb5 48. Rb3 Rc5+ 49. Kb2 Rc8 50. b7 Rb8 51. Ka3 1-0

[Event "BL 8889 Heidelberg-Sindelfingen"]
[Site "?"]
[Date "1988.??.??"]
[Round "?.3"]
[White "Fahnenschmidt, G."]
[Black "Cicak, S."]
[Result "1-0"]
[WhiteElo "2380"]
[BlackElo "2345"]
[PlyCount "61"]
[EventDate "1988.??.??"]

1. d4 Nf6 2. c4 c5 3. d5 b5 4. cxb5 a6 5. e3 g6 6. Nc3 Bg7 7. a4 O-O 8. e4 d6
9. Nf3 axb5 10. Bxb5 Ba6 11. Bg5 Nbd7 12. O-O Ng4 13. Qe2 Qb6 14. Nd2 Nge5 15.
Kh1 f6 16. Be3 Qa5 17. f4 Bxb5 18. Nxb5 Nf7 19. Nc4 Qd8 20. Bd2 g5 21. Bc3 gxf4
22. Rxf4 Qb8 23. b3 Nde5 24. Bxe5 dxe5 25. Rff1 Nd6 26. Ncxd6 exd6 27. Qg4 Rd8
28. Rac1 Ra5 29. Rxf6 Kh8 30. Rf7 Rg8 31. Qd7 1-0

[Event "BL 8889 Heidelberg-Sindelfingen"]
[Site "?"]
[Date "1988.??.??"]
[Round "?.4"]
[White "Zuse, P."]
[Black "Franke, H."]
[Result "1/2-1/2"]
[WhiteElo "2295"]
[BlackElo "2360"]
[PlyCount "121"]
[EventDate "1988.??.??"]

1. e4 e6 2. d4 d5 3. Nc3 Nf6 4. Bg5 Be7 5. e5 Nfd7 6. Bxe7 Qxe7 7. f4 a6 8. Nf3
c5 9. dxc5 Nc6 10. Bd3 Qxc5 11. Qd2 b5 12. O-O-O Nb6 13. Kb1 Bd7 14. Ne2 Rb8
15. Qc3 Qxc3 16. Nxc3 Ke7 17. Ne2 f6 18. Ned4 Nxd4 19. Nxd4 fxe5 20. fxe5 Rbc8
21. b3 Be8 22. a4 bxa4 23. Bxa6 Rc7 24. Bd3 Nd7 25. bxa4 Nxe5 26. Bb5 Bxb5 27.
axb5 Nc4 28. Rhe1 e5 29. Rd3 Rb8 30. Kc1 Ra8 31. Nb3 Rca7 32. Nd2 Ra1+ 33. Nb1
Ke6 34. Rb3 Rb8 35. Kd1 Nd6 36. b6 Nc4 37. b7 Ra7 38. Nd2 Ra1+ 39. Ke2 Rxe1+
40. Kxe1 Nd6 41. Nf3 h6 42. Re3 e4 43. Nd4+ Kf6 44. Ra3 Rxb7 45. Ra5 Rb1+ 46.
Ke2 Nc4 47. Rxd5 Rg1 48. Rf5+ Kg6 49. g3 Rh1 50. h4 Rh3 51. Rc5 Rh2+ 52. Kf1
Ne3+ 53. Ke1 Kf6 54. c3 Rg2 55. Ne2 Rh2 56. Nd4 Rg2 57. Ne2 g6 58. Rc6+ Kg7 59.
Rc7+ Kf8 60. Rc6 Kf7 61. Rc7+ 1/2-1/2

[Event "BL 8889 Heidelberg-Sindelfingen"]
[Site "?"]
[Date "1988.??.??"]
[Round "?.5"]
[White "Bialas, W."]
[Black "Neunhoeffer, H."]
[Result "1-0"]
[WhiteElo "2365"]
[BlackElo "2270"]
[PlyCount "59"]
[EventDate "1988.??.??"]

1. d4 Nf6 2. Nf3 e6 3. Bg5 c5 4. c3 Qb6 5. Qc2 Nc6 6. e3 d5 7. Nbd2 Bd7 8. Ne5
Rc8 9. Bxf6 gxf6 10. Nxd7 Kxd7 11. e4 dxe4 12. dxc5 Bxc5 13. Nxe4 Be7 14. Be2
Kc7 15. O-O Rhg8 16. Qb3 Ne5 17. Qxb6+ Kxb6 18. f4 Ng6 19. g3 f5 20. Nd2 Rgd8
21. Nc4+ Kc7 22. Rad1 Bf6 23. a4 b6 24. Na3 Be7 25. Nb5+ Kb7 26. Kg2 Bc5 27. b4
a6 28. Bf3+ Kb8 29. bxc5 axb5 30. cxb6 1-0

[Event "BL 8889 Heidelberg-Sindelfingen"]
[Site "?"]
[Date "1988.??.??"]
[Round "?.6"]
[White "Grathwohl, R."]
[Black "Braun, M."]
[Result "1/2-1/2"]
[WhiteElo "2310"]
[BlackElo "2325"]
[PlyCount "25"]
[EventDate "1988.??.??"]

1. Nf3 d5 2. e3 Nf6 3. b3 e6 4. Bb2 Be7 5. g3 O-O 6. Bg2 Nbd7 7. O-O c6 8. d3
Qc7 9. c4 b5 10. Qc2 Qb6 11. Nbd2 Bb7 12. Rac1 Rfc8 13. Qb1 1/2-1/2

[Event "BL 8889 Heidelberg-Sindelfingen"]
[Site "?"]
[Date "1988.??.??"]
[Round "?.8"]
[White "Neurohr, S."]
[Black "Migl, D."]
[Result "1-0"]
[WhiteElo "2305"]
[BlackElo "2260"]
[PlyCount "103"]
[EventDate "1988.??.??"]

1. d4 Nf6 2. c4 c5 3. d5 b5 4. Nf3 e6 5. dxe6 fxe6 6. cxb5 d5 7. Nc3 Be7 8. e4
d4 9. e5 dxc3 10. exf6 Qxd1+ 11. Kxd1 Bxf6 12. Kc2 cxb2 13. Bxb2 Bb7 14. Bd3
Nd7 15. Rhe1 Kf7 16. Rad1 Bxf3 17. gxf3 Nb6 18. Be4 Rab8 19. Bxf6 gxf6 20. a4
Rhd8 21. Kb3 a5 22. bxa6 Nd5+ 23. Ka3 Ra8 24. Rc1 f5 25. Bxd5 Rxd5 26. Red1
Rxd1 27. Rxd1 Rxa6 28. Rd7+ Kf6 29. Rc7 Rd6 30. Rxc5 Rd2 31. a5 Rxf2 32. a6
Rxf3+ 33. Kb4 Rd3 34. Rc8 Rd7 35. Kc5 f4 36. Kc6 Rf7 37. Rc7 f3 38. a7 Rf8 39.
Kb7 f2 40. Rc1 Ke5 41. Rf1 Ke4 42. Rxf2 Rxf2 43. a8=Q Rxh2 44. Qa4+ Kf5 45. Kc6
Rd2 46. Qh4 Rd5 47. Qxh7+ Kf6 48. Qe4 Ke7 49. Qf4 Rf5 50. Qc7+ Kf6 51. Kd7 Rd5+
52. Ke8 1-0

[Event "BL 8889 HSK-Bamberg"]
[Site "?"]
[Date "1988.??.??"]
[Round "?.1"]
[White "Unzicker, W."]
[Black "Chandler, M."]
[Result "0-1"]
[WhiteElo "2460"]
[BlackElo "2605"]
[PlyCount "78"]
[EventDate "1988.??.??"]

1. e4 c5 2. Nf3 d6 3. d4 cxd4 4. Nxd4 Nf6 5. Nc3 Nc6 6. Bg5 e6 7. Qd2 a6 8.
O-O-O Bd7 9. f4 b5 10. Nxc6 Bxc6 11. Qe1 Be7 12. Bd3 Nd7 13. Bxe7 Qxe7 14. Qg3
O-O 15. Rhe1 Nc5 16. e5 Rad8 17. exd6 Rxd6 18. f5 Nxd3+ 19. cxd3 Rfd8 20. fxe6
fxe6 21. Qg4 Be8 22. Re3 Rc6 23. Kb1 Bg6 24. Ka1 Qc7 25. Qg3 Qxg3 26. hxg3 Rcd6
27. a4 Bxd3 28. Ne4 Bxe4 29. Rxd6 Rxd6 30. Rxe4 Kf7 31. Ka2 Rd2 32. axb5 axb5
33. Rb4 Rxg2 34. Rxb5 Rxg3 35. Rb7+ Kf6 36. b4 h5 37. b5 h4 38. b6 Rg5 39. Rb8
Rb5 0-1

[Event "BL 8889 HSK-Bamberg"]
[Site "?"]
[Date "1988.??.??"]
[Round "?.2"]
[White "Stein, B."]
[Black "Pfleger, He"]
[Result "1-0"]
[WhiteElo "2380"]
[BlackElo "2490"]
[PlyCount "51"]
[EventDate "1988.??.??"]

1. e4 d6 2. d4 Nf6 3. Nc3 g6 4. f4 Bg7 5. Nf3 O-O 6. Be2 c5 7. dxc5 Qa5 8. O-O
Qxc5+ 9. Kh1 Nc6 10. Qe1 Bg4 11. Bd3 Bxf3 12. Rxf3 Nb4 13. Be3 Nxd3 14. cxd3
Qa5 15. f5 Rac8 16. a3 Rfe8 17. Bd4 Nd7 18. Bxg7 Kxg7 19. Qh4 Nf6 20. Raf1 Qe5
21. Nd5 Nxd5 22. fxg6 Nf6 23. Rxf6 Qxf6 24. Qxh7+ Kf8 25. Qh6+ Kg8 26. Rxf6 1-0

[Event "BL 8889 HSK-Bamberg"]
[Site "?"]
[Date "1988.??.??"]
[Round "?.3"]
[White "Goehring, K."]
[Black "Maus, So"]
[Result "1-0"]
[WhiteElo "2335"]
[BlackElo "2400"]
[PlyCount "66"]
[EventDate "1988.??.??"]

1. d4 Nf6 2. c4 c5 3. d5 e6 4. Nc3 exd5 5. cxd5 d6 6. Nf3 g6 7. Nd2 Bg7 8. e4
O-O 9. Be2 Ne8 10. O-O f5 11. exf5 Bxf5 12. Nc4 Na6 13. a3 Rb8 14. Bd2 Nac7 15.
b4 Bd4 16. Rc1 Qf6 17. Qb3 b5 18. Na5 Ng7 19. Nc6 Rbe8 20. Bxb5 Nxb5 21. Nxb5
Bg4 22. Nbxd4 cxd4 23. f3 Bd7 24. Rfe1 Nf5 25. b5 g5 26. a4 g4 27. Qd3 Qg7 28.
f4 g3 29. hxg3 Nxg3 30. Nxd4 Nf5 31. Ne6 Bxe6 32. dxe6 Qg4 33. Rc7 Nh4 1-0

[Event "BL 8889 HSK-Bamberg"]
[Site "?"]
[Date "1988.??.??"]
[Round "?.4"]
[White "Reefschlaeger, H."]
[Black "Kurz, A."]
[Result "1-0"]
[WhiteElo "2360"]
[BlackElo "2280"]
[PlyCount "42"]
[EventDate "1988.??.??"]

1. e4 c5 2. f4 d5 3. Nc3 dxe4 4. Nxe4 e6 5. Bc4 Nf6 6. Qe2 Be7 7. Nf3 O-O 8.
O-O Nc6 9. c3 b6 10. d3 Nxe4 11. dxe4 Bb7 12. Bd2 Qc7 13. e5 Rad8 14. Rae1 Rd7
15. f5 Na5 16. fxe6 Bxf3 17. exf7+ Kh8 18. Rxf3 Nxc4 19. Bf4 Nxe5 20. Bxe5 Bd6
21. Rh3 Rfxf7 1-0

[Event "BL 8889 HSK-Bamberg"]
[Site "?"]
[Date "1988.??.??"]
[Round "?.5"]
[White "Meister, P."]
[Black "Wegner, H."]
[Result "1-0"]
[WhiteElo "2325"]
[BlackElo "2290"]
[PlyCount "73"]
[EventDate "1988.??.??"]

1. d4 Nf6 2. c4 g6 3. Nc3 d5 4. Nf3 Bg7 5. cxd5 Nxd5 6. e4 Nxc3 7. bxc3 c5 8.
Rb1 O-O 9. Be2 b6 10. O-O Bb7 11. Qd3 Ba6 12. Qe3 cxd4 13. cxd4 Qd7 14. Bxa6
Nxa6 15. Qa3 Qb7 16. Bg5 e6 17. d5 exd5 18. exd5 Rfc8 19. Rfe1 Rc3 20. Rb3 Rxb3
21. axb3 Bf8 22. Be7 Nc5 23. Bxf8 Rxf8 24. b4 Qa6 25. Qe3 Nd3 26. Rd1 Nxb4 27.
d6 Qa4 28. Qd4 Qb5 29. d7 Rd8 30. h4 h5 31. Ng5 Na6 32. Ne4 Nc5 33. Nf6+ Kf8
34. Re1 Ne6 35. Qd6+ Kg7 36. Rxe6 Rxd7 37. Nxd7 1-0

[Event "BL 8889 Delmenhorst-Nürnberg"]
[Site "?"]
[Date "1988.??.??"]
[Round "?.1"]
[White "Jansa, V."]
[Black "Reeh, O."]
[Result "0-1"]
[WhiteElo "2470"]
[BlackElo "2460"]
[PlyCount "116"]
[EventDate "1988.??.??"]

1. e4 c5 2. Nf3 d6 3. d4 cxd4 4. Nxd4 Nf6 5. Nc3 Nc6 6. Bg5 e6 7. Qd2 Be7 8.
O-O-O O-O 9. Nb3 Qb6 10. f3 Rd8 11. Be3 Qc7 12. Qf2 d5 13. exd5 Nxd5 14. Nxd5
Rxd5 15. Rxd5 exd5 16. Bb5 Bf5 17. Bxc6 bxc6 18. Bc5 Bg5+ 19. Kb1 h5 20. g3 a5
21. Re1 a4 22. Nd4 Bd7 23. c3 Bf6 24. Ka1 Qa5 25. Be7 Bxe7 26. Rxe7 Qd8 27. Re5
a3 28. b4 c5 29. bxc5 Qa5 30. Qd2 Qxc5 31. Nb3 Qc7 32. Rxh5 Rc8 33. f4 Be6 34.
f5 Qe5 35. Nd4 Bd7 36. Rh4 Re8 37. Nc2 Bxf5 38. Nxa3 Ra8 39. Nb5 Bg6 40. Rf4
Rb8 41. Rb4 Re8 42. Nd4 Qf6 43. Qc1 Qf2 44. Rb2 Qe1 45. Nb3 d4 46. cxd4 Qb4 47.
Nd2 Qxd4 48. a3 Bf5 49. Nb3 Qf6 50. Qf4 Re4 51. Qf2 Qe5 52. Qd2 g6 53. Ka2 Be6
54. Qd8+ Kg7 55. Qb6 Re2 56. Rxe2 Qxe2+ 57. Kb1 Bf5+ 58. Ka1 Qd1+ 0-1

[Event "BL 8889 Delmenhorst-Nürnberg"]
[Site "?"]
[Date "1988.??.??"]
[Round "?.2"]
[White "Hausner, I."]
[Black "Pribyl, J."]
[Result "1/2-1/2"]
[WhiteElo "2435"]
[BlackElo "2435"]
[PlyCount "34"]
[EventDate "1988.??.??"]

1. e4 Nf6 2. e5 Nd5 3. d4 d6 4. Nf3 Bg4 5. Be2 e6 6. O-O Nb6 7. exd6 cxd6 8.
Nbd2 Be7 9. c3 Nc6 10. Re1 O-O 11. Nf1 Bh5 12. Bd3 Bg6 13. Bxg6 hxg6 14. Ng3 d5
15. Ne2 Re8 16. Nf4 Bf6 17. Nd3 Nc4 1/2-1/2

[Event "BL 8889 Delmenhorst-Nürnberg"]
[Site "?"]
[Date "1988.??.??"]
[Round "?.4"]
[White "Borik, O."]
[Black "Seibold, H."]
[Result "1-0"]
[WhiteElo "2350"]
[BlackElo "2220"]
[PlyCount "95"]
[EventDate "1988.??.??"]

1. d4 Nf6 2. c4 g6 3. Nc3 Bg7 4. e4 d6 5. Be2 O-O 6. Nf3 e5 7. d5 a5 8. Be3 Ng4
9. Bg5 f6 10. Bh4 Nh6 11. Nd2 Na6 12. f3 Nc5 13. O-O g5 14. Bf2 f5 15. a3 fxe4
16. fxe4 g4 17. Be3 Kh8 18. b4 axb4 19. axb4 Rxa1 20. Qxa1 Nd7 21. Nb5 Nf6 22.
Qa7 Nhg8 23. Qb8 Nh5 24. g3 Rxf1+ 25. Nxf1 Nhf6 26. Nd2 Qf8 27. Bd3 Bh6 28.
Bxh6 Qxh6 29. Nf1 Bd7 30. Qxc7 Qc1 31. Nxd6 Qc3 32. Nf7+ Kg7 33. Nxe5 Qd4+ 34.
Kh1 Kh8 35. Qd6 Be8 36. Qe6 Bg6 37. d6 Bxe4+ 38. Bxe4 Qxe4+ 39. Kg1 Qd4+ 40.
Kg2 Qe4+ 41. Kf2 Qc2+ 42. Kg1 Qd1 43. Qf5 Qd4+ 44. Kh1 Kg7 45. d7 Ne7 46. Qf4
Qd1 47. Kg1 Ng6 48. Qd2 1-0

[Event "BL 8889 Bamberg-Delmenhorst"]
[Site "?"]
[Date "1988.??.??"]
[Round "?.1"]
[White "Reeh, O."]
[Black "Unzicker, W."]
[Result "1/2-1/2"]
[WhiteElo "2460"]
[BlackElo "2460"]
[PlyCount "38"]
[EventDate "1988.??.??"]

1. d4 Nf6 2. c4 e6 3. Nf3 b6 4. Nc3 Bb7 5. Bg5 Be7 6. Qc2 c5 7. dxc5 bxc5 8.
Rd1 O-O 9. e3 Nc6 10. Be2 d6 11. O-O a6 12. a3 Qc7 13. Rd2 Rfd8 14. Rfd1 Rab8
15. Bxf6 Bxf6 16. Ne4 Be7 17. Neg5 g6 18. h4 Ne5 19. Nxe5 dxe5 1/2-1/2

[Event "BL 8889 Bamberg-Delmenhorst"]
[Site "?"]
[Date "1988.??.??"]
[Round "?.2"]
[White "Pfleger, He"]
[Black "Hausner, I."]
[Result "1/2-1/2"]
[WhiteElo "2490"]
[BlackElo "2435"]
[PlyCount "27"]
[EventDate "1988.??.??"]

1. c4 g6 2. g3 Bg7 3. Bg2 d6 4. Nc3 Nf6 5. Nf3 O-O 6. O-O Nbd7 7. d3 e5 8. Rb1
Re8 9. b4 e4 10. dxe4 Nxe4 11. Nxe4 Rxe4 12. Nd2 Re8 13. Bb2 Nf6 14. e4 1/2-1/2

[Event "BL 8889 Bamberg-Delmenhorst"]
[Site "?"]
[Date "1988.??.??"]
[Round "?.3"]
[White "Hermann, Man"]
[Black "Goehring, K."]
[Result "1-0"]
[WhiteElo "2365"]
[BlackElo "2335"]
[PlyCount "61"]
[EventDate "1988.??.??"]

1. e4 c5 2. Nf3 Nc6 3. c3 Nf6 4. e5 Nd5 5. d4 cxd4 6. Bc4 Nb6 7. Bb3 d5 8. exd6
Qxd6 9. O-O e6 10. cxd4 Be7 11. Nc3 O-O 12. a3 Nd5 13. Re1 Nxc3 14. bxc3 b6 15.
Qd3 Bb7 16. Bc2 g6 17. Bh6 Rfe8 18. Ng5 Bxg5 19. Bxg5 e5 20. Qg3 Kg7 21. Rad1
h6 22. Be3 Qf6 23. Ba4 Re7 24. d5 Na5 25. d6 Re6 26. f4 exf4 27. Bxf4 Rxe1+ 28.
Rxe1 Qf5 29. Be5+ Kg8 30. Qh4 Bc6 31. d7 1-0